| 000 | 01325cam a2200241 4500 | ||
|---|---|---|---|
| 001 | ABS64612 | ||
| 008 | 010918n2001 000 0 eng u | ||
| 035 | _a(Sirsi) u114620 | ||
| 245 | _aWaste industry faces an uncertain year | ||
| 260 | _c2001 | ||
| 490 |
_aENDS Report _v(319) August 2001, 26-29(4) |
||
| 520 | _aSuggests that the UK waste industry faces an uncertain year amid an impending regulatory shake-up. Looks at the new regulations for landfill sites included in the second consultation on implementing the EU landfill Directive 1999, published in August 2001. The new package will replace the existing waste management licensing system. Discusses how the proposed changes will affect particular areas including conditioning plans, hazardous waste sites, waste acceptance criteria, tyres and liquids, and duties on the Agency. Notes that while the proposed timetable for banning landfilling of various wastes such as tyres has been tightened, plans to reform the 'duty of care' regime appear limp. | ||
| 590 | _aABS | ||
| 650 | _aDIRECTIVE 99/31/EC | ||
| 650 | _aCONSULATION PAPER | ||
| 650 | _aHAZARDOUS WASTE | ||
| 650 | _aTYRES | ||
| 650 | _aDUTY OF CARE | ||
| 650 | _aPPC 2000 | ||
| 650 | _aCONTAMINATED LAND | ||
| 690 | _aENVIRONMENTAL AND LAND CONSULTANCY-WASTE MANAGEMENT | ||
| 942 | _n0 | ||
| 999 |
_c68284 _d68284 |
||